000 00350nam a2200157 4500
008 190319s1985||||xo d
100 1 _aŠtefanovic Jozef
_9980
245 1 0 _aPsychológia I.
250 _a1. vydanie
260 _bSPN
_aBratislava
_c1985
300 _a170 s.
020 _c0
041 1 _aslo
044 _axo
_cSK
958 _aAPR
999 _c22242
_d22242